No reason for murder

Tallennettuna:
Bibliografiset tiedot
Päätekijä: Sono, Ayako (Tekijä)
Aineistotyyppi: Kirja
Kieli:englanti
Julkaistu: Nueva York ICG 2003
Aiheet:
Tagit: Lisää tagi
Ei tageja, Lisää ensimmäinen tagi!

MARC

LEADER 00000nam a2200000 a 4500
001 UCL9736
003 CL-VaPUC
008 040820e20030000US |||||||||||||||||eng|d
020 |a 4925080633 
082 0 4 |a 895.603  |b SON  |2 21 
100 0 |a Sono, Ayako  |e author  |9 487643 
245 1 0 |a No reason for murder 
300 |a 422 p 
942 |c BK 
945 |d 20040820 00:00:00  |a cmena 
260 |a Nueva York  |b ICG  |c 2003 
650 7 |a NOVELAS JAPONESAS  |2 CL-VaPUC  |9 487644 
650 0 |a Literatura japonesa  |9 266543 
583 |a last modification  |c 20040820 00:00:00  |k Rodrigo Vera 
999 |c 310424  |d 310422 
952 |0 0  |1 0  |4 0  |6 895_603000000000000_SON_2003  |7 0  |8 A  |9 378838  |a BIBGIM  |b BIBGIM  |d 2019-11-21  |i 4034627  |o 895.603 SON 2003  |p 4034627  |r 2025-01-15  |w 2019-11-21  |y BK  |k ORI